|
|
|
|
| LEADER |
01775cas a2200241 a 4500 |
| 001 |
AALejournalIMF012011 |
| 008 |
230101c9999 xx r poo 0 0eng d |
| 020 |
|
|
|c 5.00 USD
|
| 020 |
|
|
|z 9781475506709
|
| 022 |
|
|
|a 1934-7685
|
| 040 |
|
|
|a BD-DhAAL
|c BD-DhAAL
|
| 110 |
2 |
|
|a International Monetary Fund.
|
| 245 |
1 |
0 |
|a Brazil :
|b 2012 Article IV Consultation: Staff Report; Public Information Notice on the Executive Board Discussion; and Statement by the Executive Director for Brazil.
|
| 264 |
|
1 |
|a Washington, D.C. :
|b International Monetary Fund,
|c 2012.
|
| 300 |
|
|
|a 1 online resource (105 pages)
|
| 490 |
1 |
|
|a IMF Staff Country Reports
|
| 500 |
|
|
|a <strong>Off-Campus Access:</strong> No User ID or Password Required
|
| 500 |
|
|
|a <strong>On-Campus Access:</strong> No User ID or Password Required
|
| 506 |
|
|
|a Electronic access restricted to authorized BRAC University faculty, staff and students
|
| 520 |
3 |
|
|a A strong policy framework and improved income distribution and social outcomes have been important accomplishments in Brazil. The 2012 Article IV Consultation highlights that financial stability in Brazil has been underpinned by a strong banking system and framework for regulation and supervision. Executive Directors have commended authorities' commitment to a strong policy framework, which has delivered a decade of macroeconomic stability and rising living standards. They have also welcomed the recent reorientation of the policy mix toward generating fiscal savings and providing monetary countercyclical support.
|
| 538 |
|
|
|a Mode of access: Internet
|
| 830 |
|
0 |
|a IMF Staff Country Reports; Country Report ;
|v No. 2012/191
|
| 856 |
4 |
0 |
|z Full text available on IMF
|u http://elibrary.imf.org/view/journals/002/2012/191/002.2012.issue-191-en.xml
|z IMF e-Library
|